| 000 | 00707nam a2200193 4500 | ||
|---|---|---|---|
| 001 | 123195 | ||
| 003 | ES-MaACL | ||
| 005 | 20250905132230.0 | ||
| 007 | t| | ||
| 008 | 070214s1948 ag r ||||0| spa d | ||
| 245 | 0 | 0 |
_aPsicoanálisis de la melancolía / _cpor los Doctores Sigmund Freud... [et al.] ; compilación y prólogo de los Doctores Angel Garma y Luis Rascovsky. |
| 260 |
_aBuenos Aires : _bAsociación Psicoanalítica Argentina, _c1948. |
||
| 300 |
_a519 p : _bil ; _c24 cm. |
||
| 700 | 1 |
_aGarma, Ángel, _d1904-1993 _955572 |
|
| 700 | 1 |
_aRascovsky, Luis. _995483 |
|
| 710 | 2 |
_aAsociación Psicoanalítica Argentina. _91789 |
|
| 852 |
_aES-MaACL _jE-1458 _bR.30784 |
||
| 999 |
_c123195 _d123195 |
||